Guess the Taylor Swift Song (no hints) 87 - Statistics

General Stats
  • This quiz has been taken 83 times
  • The average score is 98 of 174
Answer Stats
Answer % Correct
I
100%
the
100%
a
98%
And
94%
you
94%
you,
94%
your
93%
to
87%
To
87%
in
83%
But
74%
of
74%
what
72%
Just
69%
just
69%
now
67%
out"
65%
out,
65%
out
65%
(out),
65%
one
63%
think
63%
With
63%
can't
61%
not
61%
about
57%
some
57%
up
57%
you've
54%
down,
52%
down
52%
(down)
52%
(down),
52%
did
50%
things
48%
he's
46%
she's
44%
fall
43%
make
41%
dream
39%
seen
39%
Something
39%
speak
39%
epiphany
37%
Keep
37%
keep
37%
through
35%
hand
33%
Only
33%
son
33%
Watch
33%
bleeding
31%
crashing
31%
"Doc,
31%
life,
31%
sense
31%
"Sir,
31%
breathe
30%
helmet,
30%
school
30%
serve
30%
Someone's
30%
someone's
30%
breathing
28%
flesh
28%
glimpse
28%
med
28%
single
28%
wound,
28%
cover
26%
here's
26%
mother
26%
plastic
26%
relief
26%
20
24%
beaches
24%
minutes
24%
sleep
24%
daughter,
22%
Holds
22%
rifle
22%
Crawling
20%
No matching quizzes found
Score Distribution
Percent of People with Each Score
Percentile by Number Answered
Your Score History
You have not taken this quiz